Alpha, Beta, and Gamma Cities - Statistics

General Stats
  • This quiz has been taken 150 times
  • The average score is 108 of 223
Answer Stats
Country City % Correct
United Kingdom London
97%
United States New York
97%
France Paris
95%
United Arab Emirates Dubai
91%
China Shanghai
91%
Japan Tokyo
91%
China Beijing
90%
United States Los Angeles
90%
United States Chicago
87%
Australia Sydney
86%
Canada Toronto
86%
Indonesia Jakarta
83%
Spain Madrid
83%
Mexico Mexico City
83%
Netherlands Amsterdam
82%
Belgium Brussels
82%
Russia Moscow
81%
India New Delhi
81%
Germany Frankfurt
79%
Malaysia Kuala Lumpur
79%
Italy Milan
79%
Brazil São Paulo
79%
Germany Berlin
78%
Hong Kong Hong Kong
78%
Thailand Bangkok
77%
Argentina Buenos Aires
76%
South Africa Johannesburg
76%
Canada Montreal
76%
Italy Rome
76%
United States San Francisco
76%
United States Boston
74%
Brazil Rio de Janeiro
74%
United States Washington D.C.
74%
Ireland Dublin
73%
United States Miami
73%
South Korea Seoul
73%
Philippines Manila
72%
Sydney Melbourne
72%
Canada Vancouver
72%
United States Dallas
71%
Portugal Lisbon
71%
United States Philadelphia
71%
United States Houston
69%
Taiwan Taipei
69%
China Guangzhou
68%
Turkey Istanbul
68%
Saudi Arabia Riyadh
68%
Chile Santiago
68%
United Arab Emirates Abu Dhabi
67%
Spain Barcelona
67%
Germany Munich
67%
Sweden Stockholm
67%
United States Seattle
65%
Austria Vienna
65%
South Africa Cape Town
64%
Australia Perth
64%
Czechia Prague
64%
Poland Warsaw
64%
New Zealand Auckland
63%
Switzerland Zürich
63%
Singapore Singapore
62%
Greece Athens
60%
Peru Lima
60%
China Wuhan
60%
United States Atlanta
59%
Colombia Bogotá
59%
Hungary Budapest
59%
China Shenzhen
59%
Australia Brisbane
58%
United States Denver
58%
Lebanon Beirut
56%
Qatar Doha
56%
Vietnam Hanoi
56%
Vietnam Ho Chi Minh City
56%
Japan Osaka
56%
United States San Diego
56%
Finland Helsinki
55%
United Kingdom Manchester
55%
Germany Hamburg
54%
Pakistan Karachi
54%
Uruguay Montevideo
54%
Norway Oslo
54%
Israel Tel Aviv
54%
India Bangalore
53%
Romania Bucharest
53%
Denmark Copenhagen
53%
Canada Ottawa
53%
Australia Adelaide
51%
Egypt Cairo
51%
United Kingdom Edinburgh
51%
United Kingdom Glasgow
51%
Ukraine Kiev
51%
United States Phoenix
51%
Russia Saint Petersburg
51%
Nigeria Lagos
50%
Kenya Nairobi
50%
United States Orlando
50%
Costa Rica San José
50%
United States San Jose
50%
Turkey Ankara
49%
Serbia Belgrade
49%
Venezuela Caracas
49%
United States Detroit
49%
Bangladesh Dhaka
49%
Switzerland Geneva
49%
Panama Panama City
49%
Portugal Porto
49%
Jordan Amman
47%
Canada Calgary
47%
China Chengdu
47%
India Kolkata
47%
France Lyon
47%
New Zealand Wellington
47%
Morocco Casablanca
46%
China Chongqing
46%
Latvia Riga
46%
Bolivia La Paz
45%
China Tianjin
45%
China Xi’an
45%
Paraguay Asunción
44%
Germany Düsseldorf
44%
Guatemala Guatemala City
44%
Pakistan Islamabad
44%
Bulgaria Sofia
44%
United States Tampa
44%
United States Austin
42%
Slovakia Bratislava
42%
India Chennai
42%
Kuwait Kuwait City
42%
Pakistan Lahore
42%
United States Minneapolis
42%
Ecaudor Quito
42%
Netherlands Rotterdam
42%
Dominican Republic Santo Domingo
42%
Tunisia Tunis
42%
Kazakhstan Almaty
41%
Croatia Zagreb
41%
Algeria Algiers
40%
Belgium Antwerp
40%
United States Charlotte
40%
Germany Cologne
40%
Canada Edmonton
40%
Spain Valencia
40%
Lithuania Vilnius
40%
United States Baltimore
38%
Mexico Guadalajara
38%
Saudi Arabia Jeddah
38%
Bahrain Manama
38%
Oman Muscat
38%
United States Nashville
38%
Cambodia Phnom Penh
38%
El Salvador San Salvador
38%
China Xiamen
38%
India Hyderabad
37%
Colombia Medellín
37%
Cyprus Nicosia
37%
Mexico Monterrey
36%
China Nanjing
36%
Azerbaijan Baku
35%
United Kingdom Belfast
35%
Senegal Dakar
35%
China Hangzhou
35%
Luxembourg Luxembourg
35%
United States Sacramento
35%
Georgia Tbilisi
35%
United States Columbus
33%
Sweden Malmö
33%
Bahamas Nassau
33%
Albania Tirana
33%
Ghana Accra
32%
United States Cleveland
32%
Slovenia Ljubljana
32%
Tanzania Dar es Salaam
31%
United States Kansas City
31%
Nicaragua Managua
31%
United States St. Louis
31%
Honduras Tegucigalpa
31%
Zimbabwe Harare
29%
China Harbin
29%
Angola Luanda
29%
China Dalian
28%
United States Milwaukee
28%
Japan Nagoya
28%
China Qingdao
28%
Italy Turin
28%
China Changsha
27%
Sri Lanka Colombo
27%
South Africa Durban
27%
Uganda Kampala
27%
United States Salt Lake City
27%
Germany Stuttgart
27%
Sweden Gothenburg
26%
Mozambique Maputo
26%
China Shenyang
26%
Brazil Belo Horizonte
24%
China Suzhou
23%
India Ahmedabad
22%
Ecuador Guayaquil
22%
China Zhengzhou
22%
Spain Bilbao
21%
China Fuzhou
21%
China Kunming
21%
United Kingdom Bristol
19%
Mauritius Port Louis
19%
India Pune
18%
United States San Juan
18%
Cameroon Douala
17%
China Jinan
17%
Taiwan Kaohsiung
17%
Poland Wrocław
17%
Taiwan Taichung
15%
Cayman Islands George Town
14%
China Hefei
13%
Spain Málaga
13%
China Taiyuan
13%
Switzerland Lausanne
12%
Cyprus Limassol
12%
France Nantes
12%
Mexico Querétaro
12%
Kuala Lumpur Penang
10%
Poland Katowice
9%
Poland Poznań
9%
China Haikou
8%
No matching quizzes found
Score Distribution
Percent of People with Each Score
Percentile by Number Answered
Your Score History
You have not taken this quiz